Madagascar City Quiz - Statistics

General Stats
  • This quiz has been taken 45 times
  • The average score is 4 of 7
Answer Stats
City % Correct
Antananarivo
100%
Antsirabe
62%
Toamasina
59%
Mahajanga
56%
Toliara
56%
Fianarantsoa
53%
Antsiranana
41%
No matching quizzes found
Score Distribution
Percent of People with Each Score
Percentile by Number Answered
Your Score History
You have not taken this quiz